MARC

LEADER 00000nab a2200000 a 4500
001 vtls000000596
003 SK-MaSNL
005 20260304075336.0
008 250423c1978 xo 0 slo
015 |a SNBRB19rr/mm-uuuuu 
035 |a CL0010688 
035 |a urn:nbn:sk:snk-abehyq 
035 |a (urnnbn)urn:nbn:sk:snk:ar-0005xy 
035 |a (uuid)0bc6a782-a974-4f41-844d-95a4bb55f2b5 
040 |a SNKBUCL  |b slo  |c SNKBUCL  |e AACR2 
041 0 |a slo 
044 |a xo  |c SK 
080 |a 885.4-3  |2 1981 
100 1 |a Šikula, Vincent,  |d 1936-2001  |4 aut  |9 103083 
245 1 0 |a Vlha  |c Vincent Šikula 
655 7 |a slovenská próza  |2 snkbucl  |9 104890 
655 7 |a články z novín a časopisov  |2 SNK  |9 267496 
655 7 |a články z odboru literárna veda a krásna literatúra  |2 SNK  |9 770045 
773 0 |t Slovenské pohľady  |g Roč. 94, č. 4 (1978), s. 5-30 
850 |a Slovenská národná knižnica 
852 |a Slovenská národná knižnica 
954 |a beletria pôvodná (slovenská)  |2 lita 
958 |a article27 
958 |a RK 
958 |a LX 
958 |a OND 
958 |a EUIPO 
992 |a RBX 
999 |c 2780902  |d 2782832